00900cam a2200241 i 450000100060000000300080000600500170001400800390003102000170007003500190008704000320010604100110013808200180014910000420016724501390020925000200034826000600036830000260042850000640045450000420051860000690056070000290062920073BD-RjUL20211209000522.0140226s1979 lau 000 0 eng a0807103713 : a(BD-RjUL)20135 aDLCcDLCdDLCdBD-RjULbeng1 aengswe00a839.7172bGUG1 aGullberg, Hjalmar Robert,d1898-1961.10aGentleman, single, refined and selected poems, 1937-1959 :bpoems /cHjalmar Gullberg ; translated from the Swedish by Judith Moffett. aA bilingual ed. aBaton Rouge :bLouisiana State University Press,c1979. axxxi, 71 p. ;c24 cm. aTranslation of EnsamstaÌŠende bildad herre and other poems. aText of poems in English and Swedish.10aGullberg, Hjalmar Robert,d1898-1961xTranslations into English.1 aMoffett, Judith,d1942-